banner koha

Secagem estacionária de grãos de soja (Glycine Max (L.)Merr.)(Fabales: Fabaceae)com uso de GLP (gás liquefeito de petróleo)em duas alturas de camada (Registro n. 212681)

MARC details
000 -LÍDER
campo de controle de tamanho fixo 00881nas a2200277 4500
001 - NÚMERO DE CONTROLE
campo de controle BR2011007661
003 - IDENTIFICADOR DO NÚMERO DE CONTROLE
campo de controle BR-BrBNA
005 - DATA E HORÁRIO DA ÚLTIMA TRANSAÇÃO
campo de controle 20231205115223.0
007 - CAMPO FIXO DE DESCRIÇÃO FÍSICA--INFORMAÇÃO GERAL
campo de controle de tamanho fixo ta
008 - CAMPO DE DADOS FIXOS--INFORMAÇÃO GERAL
campo de controle de tamanho fixo 230509b bl.|||p| |||| 00| 00por d
040 ## - FONTE DA CATALOGAÇÃO
Instituição da catalogação original BR-BrBNA
Idioma da catalogação por
Instituição que transcreveu o registro Biblioteca Nacional de Agricultura
041 ## - CÓDIGO DE IDIOMA
Código do idioma do texto/trilha sonora ou título diferente (Pt)
072 ## - CÓDIGO DE CATEGORIA DE ASSUNTO
Código de Categoria de Assunto Q02
100 1# - ENTRADA PRINCIPAL--NOME PESSOAL
Nome pessoal Ferrari Filho, E.
100 1# - ENTRADA PRINCIPAL--NOME PESSOAL
Nome pessoal Antunes, L.E.G.
100 1# - ENTRADA PRINCIPAL--NOME PESSOAL
Nome pessoal Gottardi, R.
100 1# - ENTRADA PRINCIPAL--NOME PESSOAL
Nome pessoal Dionello, R.G.
245 1# - TÍTULO
Título Secagem estacionária de grãos de soja (Glycine Max (L.)Merr.)(Fabales: Fabaceae)com uso de GLP (gás liquefeito de petróleo)em duas alturas de camada
650 ## - ASSUNTO--TERMO TÓPICO
Cabeçalho tópico ou nome geográfico SOJA
650 ## - ASSUNTO--TERMO TÓPICO
Cabeçalho tópico ou nome geográfico GLYCINE MAX
650 ## - ASSUNTO--TERMO TÓPICO
Cabeçalho tópico ou nome geográfico SECAGEM
650 ## - ASSUNTO--TERMO TÓPICO
Cabeçalho tópico ou nome geográfico CUSTO
773 0# - ENTRADA ANALÍTICA
Título Revista de Agricultura (Brazil)
ISSN - International Standard Serial Number ISSN 0034-7655
Partes relacionadas (Sep 2011), v. 86(2) p. 143-150
Número de controle do registro BR2011007661
909 ## -
-- 202311
-- Lúcia
-- 55
-- Lúcia Elande
942 ## - ELEMENTOS DE ENTRADA ADICIONADOS (KOHA)
Fonte da classificação ou esquema de arquivamento na estante Classificação AGRIS
Ocultar no OPAC Não
Tipo de material Koha Analítica
Exemplares
Situação do descarte Fonte da classificação ou esquema de arquivamento na estante Situação física Não pode ser emprestado Biblioteca de origem Biblioteca atual Localização na estante Enumeração do periódico / cronologia Total de empréstimos Data de último acesso Número do exemplar Tipo de material Koha Fonte de aquisição
  Classificação AGRIS   Consulta local Biblioteca Nacional de Agricultura - Binagri Biblioteca Nacional de Agricultura - Binagri   (Sep 2011), v. 86(2) p. 143-150   29/11/2023 01 Periódicos Portaria Interministerial nº 164/94

BINAGRI

Telefone: (61)3218-2567/2388/3357/2097 - binagri@agro.gov.br

Ministério da Agricultura e Pecuária , Esplanada dos Ministérios, Bloco D, Anexo B, Brasília/DF, CEP: 70.043-900